000 00849nam a22002177a 4500
999 _c138869
_d138869
005 20230628172645.0
010 _a1718EN-30 ENG-117764 ENG-137217
020 _c299.00
_a9789386224446
035 _aEN-101296,B-682987 EN-120749
035 _aB-682965-991
037 _bAakar
_adpl
037 _bDBAD/PUB
082 _aN
100 _aAnand Neelakantan
245 _aThe rise of Sivagami:
_bbook 1 Bahubali- before the beginning /
_cby Anand Neelakantan
260 _aNew Delhi
_bWestland publications
_c2017
270 _a93,I floor, sham lal road,daryaganj
_bNew Delhi
_e110002
300 _axiv,474p.
_c20cm(pbk)
942 _2ddc
_cEN
_hN
_mANA